The rain in España / (Record no. 8644)

MARC details
000 -LEADER
fixed length control field 00541nam a22001817a 4500
003 - CONTROL NUMBER IDENTIFIER
control field OSt
005 - DATE AND TIME OF LATEST TRANSACTION
control field 20260306011850.0
008 - FIXED-LENGTH DATA ELEMENTS--GENERAL INFORMATION
fixed length control field 260306b |||||||| |||| 00| 0 eng d
020 ## - INTERNATIONAL STANDARD BOOK NUMBER
International Standard Book Number 9786210309171
040 ## - CATALOGING SOURCE
Original cataloging agency DWCL - Main Lib.
Transcribing agency OC
082 ## - DEWEY DECIMAL CLASSIFICATION NUMBER
Classification number F S159r 2022
100 ## - MAIN ENTRY--PERSONAL NAME
Personal name Saludes, Gwynette Jan C.
245 ## - TITLE STATEMENT
Title The rain in España /
Statement of responsibility, etc. Gwynette Jan C. Saludes
260 ## - PUBLICATION, DISTRIBUTION, ETC.
Place of publication, distribution, etc. Quezon City, Philippines :
Name of publisher, distributor, etc. Precious Pages,
Date of publication, distribution, etc. c2022.
300 ## - PHYSICAL DESCRIPTION
Extent 448 pages :
Other physical details illustrations ;
Dimensions 23cm.
490 ## - SERIES STATEMENT
Series statement University series 1
942 ## - ADDED ENTRY ELEMENTS (KOHA)
Source of classification or shelving scheme Dewey Decimal Classification
Koha item type Fiction
Suppress in OPAC No
952 ## - LOCATION AND ITEM INFORMATION (KOHA)
--
Holdings
Withdrawn status Lost status Source of classification or shelving scheme Damaged status Not for loan Home library Current library Shelving location Date acquired Source of acquisition Cost, normal purchase price Total Checkouts Full call number Barcode Date last seen Copy number Price effective from Koha item type Uniform Resource Identifier
    Dewey Decimal Classification     Junior High School Library Junior High School Library Fiction 02/23/2026 School Fund 489.00   F S159r 2022 JHS - 21536 03/06/2026 c1 03/06/2026 FIC.